SOCIAL CHANGE IN RURAL SOCIETIES /

Guardado en:
Detalles Bibliográficos
Autor principal: Rogers, Everett M. (autor)
Otros autores: Burdge, Rabel J. (autor) (autor)
Formato: Libro
Edición:2a edición
Colección:SOCIOLOGY
Temas:
Etiquetas: Agrega una etiqueta
Sin etiquetas, Sé el primero en etiquetar este registro!

MARC

LEADER 00000nam^a2200000^a^4500
001 000240694
005 20250521000000.0
009 20260310105143.685
035 |a 064701 
037 |a Acervo Xavier Clavigero 
082 |a 307. 72  |b ROG 
100 |a Rogers, Everett M.  |e (autor) 
245 1 0 |a SOCIAL CHANGE IN RURAL SOCIETIES /  |c EVERETT M. ROGERS, RABEL J. BURDGE 
250 |a 2a edición 
264 |a NEW YORK :  |b APPLETON-CENTURY-CROFTS,  |c 1972 
300 |a 472 p. 
336 |a texto  |b txt  |2 rdacontenido 
337 |a sin mediación  |b n  |2 rdamedio 
338 |a volumen  |b nc  |2 rdasoporte 
440 |a SOCIOLOGY 
649 |a XX 
650 |a Sociología Rural 
650 |a EUA -  |x Condiciones Económicas 
700 |a Burdge, Rabel J.  |e (autor) 
910 |a Fondo General 
920 |a Impresos - Libros 
930 |a Colección General 
905 |a 101 
901 |a 064701  |b IT1  |c ACC  |i 064701  |u 20250521 
902 |a https://opac.biblio.iteso.mx/vufind/Record/000240694